La famille Alain / (Record no. 156560)

MARC details
000 -LEADER
campo de control de longitud fija 00891nam a2200241 i 4500
001 - NÚMERO DE CONTROL
campo de control 156560
003 - IDENTIFICADOR DE NÚMERO DE CONTROL
campo de control ES-MaACL
005 - FECHA Y HORA DE LA ÚLTIMA TRANSACCIÓN
campo de control 20240522063054.0
008 - DATOS DE LONGITUD FIJA--INFORMACIÓN GENERAL
campo de control de longitud fija 040802q18501870fr a |||| | fre d
040 ## - FUENTE DE CATALOGACIÓN
Centro catalogador/agencia de origen CAM
Lengua de catalogación spa
Centro/agencia transcriptor CAM
100 1# - ENTRADA PRINCIPAL--NOMBRE DE PERSONA
Nombre de persona Karr, Alphonse,
Fechas asociadas al nombre 1808-1890
9 (RLIN) 128426
245 13 - MENCIÓN DEL TÍTULO
Título La famille Alain /
Mención de responsabilidad, etc. par Alphonse Karr.
260 ## - PUBLICACIÓN, DISTRIBUCIÓN, ETC.
Lugar de publicación, distribución, etc. Paris :
Nombre del editor, distribuidor, etc. Gve. Barba,
Fecha de publicación, distribución, etc. [s.a.] (
Fabricante Typ. Lacour)
300 ## - DESCRIPCIÓN FÍSICA
Extensión 64 p. :
Otras características físicas il. ;
Dimensiones 30 cm.
490 1# - MENCIÓN DE SERIE
Mención de serie Romans populaires illustrés
505 8# - NOTA DE CONTENIDO CON FORMATO
Nota de contenido con formato Contiene: La famille Alain (pp. 1-62); Une histoire de voleurs (pp. 63-64)
594 ## - Nota al título y mención de responsabilidad
Nota al título y mención de responsabilidad Datos tomados de comienzo del texto.
596 ## - NOTA AL PIE DE IMPRENTA
NOTA AL PIE DE IMPRENTA Imp. tomado de pie de imp.
596 ## - NOTA AL PIE DE IMPRENTA
NOTA AL PIE DE IMPRENTA Probablemente impreso entre 1850 y 1870.
830 0# - PUNTO DE ACCESO ADICIONAL DE SERIE-TÍTULO UNIFORME
Título uniforme Romans populaires illustrés
9 (RLIN) 182208
852 ## - LOCALIZACIÓN
Ubicación ES-MaACL
Número de control de estantería R-1715(8)
Nota libre -- Enc. hol.
-- -- Enc. en un vol. facticio
Holdings
Estatus retirado Estado de pérdida Estado de daño No para préstamo Biblioteca de origen Biblioteca actual Ubicación en estantería Fecha de adquisición Total de préstamos Signatura topográfica completa Código de barras Visto por última vez Precio de reemplazo Tipo de ítem Koha
        Biblioteca del Ateneo de Madrid Biblioteca del Ateneo de Madrid Depósito 17/01/2008   R-1715(8) 1163800 23/02/2023 23/02/2023 Libro impreso